Kaktusy - sukulenty

Bibliographic Details
New Title:Cactaceae etc
Format: Journal
Language:Slovak
Czech
PhysicalDescription:10 zv. 24 cm
Published: Bratislava Klub kaktusárov 1980-1989
ISSN:1335-8952
Subjects:

MARC

LEADER 00000cas a2200000 a 4500
001 vtls008882342
003 SK-MaSNL
005 20260228162242.0
008 141119d19801989xo qr|p 0 0 b0slo c
035 |a (SVKBB03)vtls000111051 
040 |a SVKBB  |b slo  |c SVKBB  |d SNK  |e AACR2 
041 0 |a slo  |a cze 
044 |a xo  |c SK 
072 7 |a 635  |x Záhradkárstvo  |2 konspekt 
072 7 |a 58  |x Botanika  |2 konspekt 
080 |a 050  |2 2001 
080 |a 635.914  |2 2001 
080 |a 582.711.16  |2 2001 
080 |a 582.661.56  |2 2001 
245 0 0 |a Kaktusy - sukulenty 
260 |a Bratislava  |b Klub kaktusárov  |c 1980-1989 
300 |a 10 zv.  |c 24 cm 
310 |a 4x ročne 
362 0 |a Roč. I., č. 1 (1980)-roč. 10, č. 4 (1989) 
500 |a Názov v tiráži: Kaktusy, sukulenty - spravodaj 
500 |a Povolenie OK NVB č. 670/79 
500 |a Red.: 1980-1989, Július Matis 
500 |a Tlač. Pravda, TK KSS, Tlačiarenské závody Pravda, závod 01, Bratislava, od č. 1/1989 GATE, Rusovce, od č. 2/1989 GTS, Bratislava 
546 |a Text aj v čes. 
650 0 7 |a kaktusy  |2 SNKPH  |9 17524 
650 0 7 |a pestovanie okrasných rastlín  |2 SNKPH  |9 3953 
650 0 7 |a botanika  |2 SNKPH  |9 688 
655 7 |a záujmové časopisy  |2 SNKPH  |9 70804 
700 1 |a Matis, Július  |4 red  |9 270653 
785 0 0 |t Cactaceae etc  |x 1335-8952  |w vtls008425355 
910 |a snk 
916 |a 1980-1989 
999 |c 7296  |d 9226 
952 |0 0  |1 0  |4 0  |7 0  |8 1  |a SNK  |b SNK  |d 2008-12-12  |f 1  |i snk2008/23402  |l 0  |o snkČSC 3434/1/1980  |p 17A0679069  |r 2026-02-21 21:23:16  |t č. 1-4  |w 2026-02-21  |y PREZ 
952 |0 0  |1 0  |4 0  |7 0  |8 1  |a SNK  |b SNK  |d 2008-12-12  |f 1  |i snk2008/23403  |l 0  |o snkČSC 3434/2/1981  |p 17A0582349  |r 2026-02-21 21:23:16  |t č. 1-4  |w 2026-02-21  |y PREZ 
952 |0 0  |1 0  |4 0  |7 0  |8 1  |a SNK  |b SNK  |d 2008-12-12  |f 1  |i snk2008/23404  |l 0  |o snkČSC 3434/3/1982  |p 17A0582350  |r 2026-02-21 21:23:16  |t č. 1-4  |w 2026-02-21  |y PREZ 
952 |0 0  |1 0  |4 0  |7 0  |8 1  |a SNK  |b SNK  |d 2008-12-12  |f 1  |i snk2008/23407  |l 0  |o snkČSC 3434/4/1983  |p 17A0582360  |r 2026-02-21 21:23:16  |t č. 1-4  |w 2026-02-21  |y PREZ 
952 |0 0  |1 0  |4 0  |7 0  |8 1  |a SNK  |b SNK  |d 2008-12-12  |f 1  |i snk2008/23426  |l 0  |o snkČSC 3434/5/1984  |p 17A0582361  |r 2026-02-21 21:23:16  |t č. 1-4  |w 2026-02-21  |y PREZ 
952 |0 0  |1 0  |4 0  |7 0  |8 1  |a SNK  |b SNK  |d 2008-12-12  |f 1  |i snk2008/23427  |l 0  |o snkČSC 3434/6/1985  |p 17A0679070  |r 2026-02-21 21:23:16  |t č. 1-4  |w 2026-02-21  |y PREZ 
952 |0 0  |1 0  |4 0  |7 0  |8 1  |a SNK  |b SNK  |d 2008-12-12  |f 1  |i snk2008/23428  |l 0  |o snkČSC 3434/7/1986  |p 17A0582363  |r 2026-02-21 21:23:16  |t č. 1-4  |w 2026-02-21  |y PREZ 
952 |0 0  |1 0  |4 0  |7 0  |8 1  |a SNK  |b SNK  |d 2008-12-12  |f 1  |i snk2008/23429  |l 0  |o snkČSC 3434/8/1987  |p 17A0582364  |r 2026-02-21 21:23:16  |t č. 1-4  |w 2026-02-21  |y PREZ 
952 |0 0  |1 0  |4 0  |7 0  |8 1  |a SNK  |b SNK  |d 2008-12-12  |f 1  |i snk2008/23430  |l 0  |o snkČSC 3434/9/1988  |p 17A0582365  |r 2026-02-21 21:23:16  |t č. 1-4  |w 2026-02-21  |y PREZ 
952 |0 0  |1 0  |4 0  |7 0  |8 1  |a SNK  |b SNK  |d 2008-12-12  |f 1  |i snk2008/23431  |l 0  |o snkČSC 3434/10/1989  |p 17A0582366  |r 2026-02-21 21:23:16  |t č. 1-4  |w 2026-02-21  |y PREZ